Sports Quiz

Random Sports or NFL Quiz

#2 Athletes Quiz Stats

Quiz Updated Sep 17, 2017

Also try: #3 Athletes
Challenge
Share
Tweet
Score 0/12 Timer 03:00
4 Plays Today
Athlete % Correct
Derek Jeter
93.2%
Kyrie Irving
91.3%
Matt Ryan
91.3%
Jason Kidd
90.1%
Kawhi Leonard
83.6%
Troy Tulowitzki
60.7%
Moses Malone
59.3%
David Akers
40.4%
Duncan Keith
28.8%
Brian Leetch
23.8%
Nellie Fox
15.4%
Al MacInnis
13.4%

You're not logged in!

Compare scores with friends on all Sporcle quizzes.
Sign Up with Email
OR
Log In

You Might Also Like...

Show Comments

Extras

Top Quizzes Today


Score Distribution

Your Account Isn't Verified!

In order to create a playlist on Sporcle, you need to verify the email address you used during registration. Go to your Sporcle Settings to finish the process.